| 000 | 00374nam a22001217a 4500 | ||
|---|---|---|---|
| 082 | _a200 THE | ||
| 100 |
_aMukhzan Mobeen Ali, _970053 |
||
| 245 | _aTH-SOF-1215-BRIDGELESS TOPOLOGY FOR BOOSTPOWER FACTOR CORRECTON | ||
| 260 |
_aIslamabad _bNUST College of EME _c2015 |
||
| 650 |
_aMS-ELECT-71 MSTHESIS _970054 |
||
| 700 |
_aSupervisor Dr. Usman Ali _970055 |
||
| 942 | _cCF | ||
| 999 |
_c577104 _d577104 |
||